Statistics for NBA Best Regular Season Record Starting 5

Click here to take the quiz!

General Stats

  • This quiz has been taken 162 times
    (43 since last reset)
  • The average score is 51 of 94

Answer Stats

Answer% Correct
Jayson Tatum
100%
Giannis Antetokounmpo
97%
Jrue Holiday
97%
Stephen Curry
97%
A.C. Green
94%
Danny Green
94%
Devin Booker
94%
Draymond Green
94%
James Harden
94%
Chris Paul
92%
Kevin Durant
92%
Klay Thompson
92%
Jaylen Brown
89%
Khris Middleton
89%
LeBron James
89%
Brook Lopez
86%
Kristaps Porzingis
86%
Derrick White
83%
Kobe Bryant
83%
Shaquille O'Neal
83%
Deandre Ayton
81%
Anthony Parker
78%
Donovan Mitchell
78%
Tim Duncan
78%
Tony Parker
78%
Derrick Rose
75%
Rudy Gobert
75%
Dirk Nowitzki
72%
Dwyane Wade
72%
Chris Bosh
69%
David Robinson
69%
Grayson Allen
67%
Jermaine O'Neal
67%
Kawhi Leonard
67%
Ray Allen
67%
Steve Nash
67%
Kevin Garnett
64%
Paul Pierce
64%
Ben Wallace
61%
Chauncey Billups
61%
Rajon Rondo
61%
Rasheed Wallace
61%
Kendrick Perkins
58%
Reggie Miller
58%
Joakim Noah
56%
Mikal Bridges
56%
Amar'e Stoudemire
53%
Andrew Bogut
53%
Mike Conley
53%
Richard Hamilton
53%
Harrison Barnes
50%
Joe Johnson
50%
Mario Chalmers
50%
Chris Webber
47%
Clint Capela
47%
P.J. Tucker
47%
Ron Artest
47%
Eric Bledsoe
44%
Peja Stojaković
44%
Vlade Divac
44%
Zydrunas Ilgauskas
44%
Mo Williams
42%
Tayshaun Prince
42%
Jae Crowder
39%
Jason Terry
39%
Mike Bibby
39%
Stephen Jackson
39%
Zaza Pachulia
39%
Delonte West
36%
Udonis Haslem
36%
Shawn Marion
33%
Luol Deng
31%
Bojan Bogdanović
28%
Malcolm Brogdon
28%
Wesley Matthews
28%
Bruce Bowen
25%
Trevor Ariza
25%
Carlos Boozer
22%
Josh Howard
22%
Tiago Splitter
22%
Doug Christie
19%
Royce O'Neale
17%
Glen Rice
14%
Quentin Richardson
14%
Ron Harper
14%
Derek Anderson
11%
Jamaal Tinsley
11%
Devin Harris
8%
Terry Porter
8%
Erick Dampier
6%
Jeff Foster
3%
JJ Hickson
3%
Danny Ferry
0%
Keith Bogans
0%

Score Distribution

Percentile by Number Answered

Percent of People with Each Score

Your Score History

You have not taken this quiz since the last reset